| 000 | 00608nam a22002052 4500 | ||
|---|---|---|---|
| 001 | 0000018563 | ||
| 005 | 20151021153051.0 | ||
| 008 | 100210s xx 000 0 eng d | ||
| 020 | _a0199229741 : | ||
| 040 |
_aKABU _cKABU |
||
| 245 | 1 | 2 | _aA Dictionary of finance and banking. |
| 250 | _a4th ed. | ||
| 260 |
_aOxford : _bO. U. P., _c2008. |
||
| 300 | _aviii, 472 p. | ||
| 650 | 0 |
_aFinance _vDictionaries. _@0000151840 |
|
| 650 | 0 |
_aBanks and banking _vDictionaries. _@0000152418 |
|
| 852 | 1 | _9p1710 KES | |
| 908 | _a100210 | ||
| 950 | _@1 | ||
| 999 |
_c1722 _d1722 |
||